Statistics for Hockey Nicknames

Click here to take the quiz!

General Stats

  • This quiz has been taken 737 times
  • The average score is 6 of 15

Answer Stats

HintAnswer% Correct
The Great OneWayne Gretzky
95%
Mr. HockeyGordie Howe
90%
The RocketMaurice RIchard
71%
The Finnish FlashTeemu Selanne
56%
The FlowerGuy Lafleur
46%
The Magnificent OneMario Lemieux
46%
Peter the GreatPeter Forsberg
33%
The Bulin WallNikolai Khabibulin
30%
Big BirdLarry Robinson
21%
The Next OneEric Lindros
21%
The HammerDave Schultz
18%
The RoadrunnerYvan Cournoyer
14%
KillerDoug Gilmour
10%
The Slot MachinePhil Esposito
8%
CementheadDave Semenko
6%

Score Distribution

Percentile by Number Answered

Percent of People with Each Score

Your Score History

You have not taken this quiz